00226nam a2200085Ia 4500008004100000100002000041245003500061260003600096300000800132201217s9999 xx 000 0 und d aTaha, Hamdy, A. 0aSimulation Modeling and Simnet aEnglewood CliffsbPrentice Hall a395